Aasian rannikkopääkaupungit - Statistics

Yleistilastot
  • Tätä visaa on pelattu 409 kertaa
  • Keskiarvotulos 11 / 16
Vastaustilastot
Vastaus % Oikein
Tokio
93%
Singapore
86%
Jakarta
84%
Bangkok
78%
Manila
77%
Taipei
70%
Abu Dhabi
67%
Kuwait
67%
Doha
65%
Beirut
60%
Malé
60%
Dili
56%
Kotte
50%
Manama
50%
Masqat
49%
Bandar Seri Begawan
44%
Ehtoja vastaavia visoja ei löytynyt
Tulosjakauma
Jokaisen tuloksen saaneiden osuus
Persentiili vastausten määrän mukaan
Tuloshistoriasi
Et ole pelannut tätä visaa